| 000 | 00594nam a22001937a 4500 | ||
|---|---|---|---|
| 999 |
_c524227 _d524227 |
||
| 003 | NUST | ||
| 020 | _a9694741254 | ||
| 038 | _aFaiza | ||
| 082 |
_a891.423 _bASG |
||
| 100 |
_aAsghar, Rajiswer Rao _915039 |
||
| 245 |
_aHindi Urdu Lughat / _cRajiswer Rao Asghar |
||
| 260 |
_aIslamabad : _bMuqtadra Qoumi Zaban, _c1993. |
||
| 300 | _a491 p. ; | ||
| 500 | _aPaper cover. | ||
| 880 |
_6100-02\r _aراجیسور راؤاصغر |
||
| 880 |
_6245-02\r _aہندی اُردو لُغت / |
||
| 880 |
_6260-02\r _aاسلام آباد : _bمقتدرہ قومی زبان, _c۱۹۹۳. |
||
| 942 |
_2ddc _cBK |
||